[Event "Togliatti AVTOVAZ CCC"]
[Site "Togliatti"]
[Date "2008.09.05"]
[Round "4"]
[White "Ryabuh, Dmitry"]
[Black "Kazancev, Valerij M"]
[Result "1/2-1/2"]
[WhiteElo "2203"]
[BlackElo "2324"]
[PlyCount "149"]
[EventDate "2008.09.05"]
[EventType "tourn"]
[EventRounds "11"]
[EventCountry "RUS"]
[SourceTitle "EXT 2022"]
[Source "ChessBase"]
[SourceDate "2021.10.06"]
[SourceVersion "1"]
[SourceVersionDate "2021.10.06"]
[SourceQuality "1"]

1. d4 Nf6 2. Nf3 g6 3. Bf4 Bg7 4. e3 0-0 5. h3 d6 6. c3 Nfd7 7. Nbd2 e5 8. dxe5 Nxe5 9. Be2 Nbc6 10. 0-0 h6 11. Bg3 Qe7 12. Qc2 Bd7 13. Rae1 Rae8 14. Nd4 a6 15. f4 Nxd4 16. exd4 Bf5 17. Qb3 Nc6 18. Bxa6 Qf6 19. Rxe8 Rxe8 20. Bb5 Re3 21. Bf2 Nxd4 22. Qd1 Bc2 23. Qg4 Bf5 24. Qd1 Bc2 25. Qg4 Ne2+ 26. Bxe2 Bf5 27. Bxe3 Bxg4 28. Bxg4 h5 29. Bf3 Qe6 30. Kf2 Qxa2 31. Rb1 d5 32. Bd1 c6 33. Bb3 Qa6 34. Re1 Qd3 35. Nf3 Qb5 36. Nd2 Bf6 37. Re2 Bh4+ 38. Kf3 Qd3 39. Bd1 c5 40. g3 d4 41. cxd4 cxd4 42. gxh4 dxe3 43. Nf1 Qxd1 44. Nxe3 Qh1+ 45. Kg3 Qe4 46. Re1 b5 47. Re2 Kf8 48. Re1 f5 49. Re2 g5 50. hxg5 h4+ 51. Kf2 Qxf4+ 52. Ke1 Qg3+ 53. Kd2 f4 54. Nf1 Qxh3 55. Rf2 Qg4 56. g6 Kg7 57. Nh2 Qxg6 58. Ke1 Qe4+ 59. Kf1 h3 60. Nf3 Kh6 61. Nd2 Qd3+ 62. Ke1 Qe3+ 63. Kf1 Kh5 64. Nf3 Qc1+ 65. Ne1 Kg4 66. Re2 Qc4 67. b3 Qxe2+ 68. Kxe2 h2 69. Nd3 Kf5 70. Nf2 Ke5 71. Kd3 b4 72. Nh1 f3 73. Ke3 Kd5 74. Nf2 Kc5 75. Nh1 1/2-1/2

[Event "Togliatti"]
[Site "Togliatti"]
[Date "2008.06.03"]
[Round "6"]
[White "Ryabuh, Dmitry"]
[Black "Kazancev, Valerij M"]
[Result "0-1"]
[WhiteElo "2185"]
[BlackElo "2310"]
[PlyCount "70"]
[EventDate "2008.05.29"]
[EventType "tourn"]
[EventRounds "11"]
[EventCountry "RUS"]
[EventCategory "1"]
[SourceTitle "CBM 124 Extra"]
[Source "ChessBase"]
[SourceDate "2008.07.03"]
[SourceVersion "1"]
[SourceVersionDate "2008.07.03"]
[SourceQuality "1"]

1. d4 Nf6 2. Nf3 b5 3. e3 a6 4. a4 b4 5. Be2 e6 6. 0-0 c5 7. c3 Bb7 8. Nbd2 cxd4 9. cxd4 Be7 10. Bd3 d5 11. a5 Nc6 12. Nb3 0-0 13. Qe2 Ne4 14. Bd2 Bd6 15. Rfc1 f5 16. h3 Rf6 17. Be1 Rh6 18. Nfd2 e5 19. Nf1 exd4 20. exd4 Qf6 21. Ne3 Ne7 22. f3 Ng5 23. Nf1 Ne6 24. Bd2 f4 25. Qf2 Ng5 26. h4 Rxh4 27. Be1 Rh5 28. Nfd2 Qh6 29. Kf1 Re8 30. Nc5 Bxc5 31. dxc5 Rh1+ 32. Ke2 Nf5+ 33. Ne4 dxe4 34. fxe4 Bxe4 35. Qxf4 Bf3+ 0-1

[Event "Togliatti"]
[Site "Togliatti"]
[Date "2008.05.30"]
[Round "2"]
[White "Ryabuh, Dmitry"]
[Black "Nemov, Anton"]
[Result "1-0"]
[WhiteElo "2185"]
[BlackElo "2186"]
[PlyCount "89"]
[EventDate "2008.05.29"]
[EventType "tourn"]
[EventRounds "11"]
[EventCountry "RUS"]
[EventCategory "1"]
[SourceTitle "CBM 124 Extra"]
[Source "ChessBase"]
[SourceDate "2008.07.03"]
[SourceVersion "1"]
[SourceVersionDate "2008.07.03"]
[SourceQuality "1"]

1. d4 g6 2. e4 Bg7 3. Nc3 c6 4. Bc4 d5 5. exd5 b5 6. Bb3 b4 7. Na4 cxd5 8. Ne2 Nf6 9. 0-0 0-0 10. Nc5 Nc6 11. a3 bxa3 12. Rxa3 Bg4 13. f3 Bc8 14. c3 e6 15. Ba4 Na5 16. Bb5 Qb6 17. Qa4 Nb7 18. b4 a5 19. Ra2 axb4 20. Qxa8 Qxb5 21. cxb4 Nd7 22. Qa4 Nd6 23. Bf4 Nb6 24. Qxb5 Nxb5 25. Rd1 Nc4 26. Ra8 Nb2 27. Rb1 Nc4 28. Nb3 f6 29. Rb8 Nba3 30. Rc1 e5 31. Bg3 Bh6 32. Ra1 Nc2 33. Raa8 Bd7 34. Rxf8+ Bxf8 35. dxe5 fxe5 36. Bh4 Kf7 37. Nc5 Bc6 38. Ra7+ Kg8 39. Rc7 Nxb4 40. Ne6 Bh6 41. Rc8+ Kf7 42. Nd8+ Ke8 43. Nxc6+ Kd7 44. Nxb4 Kxc8 45. Nxd5 1-0

[Event "Privolzhskogo FO-ch"]
[Site "Togliatti"]
[Date "2007.03.27"]
[Round "6"]
[White "Ryabuh, Dmitry"]
[Black "Mikheev, Stanislav Valerievi"]
[Result "0-1"]
[WhiteElo "2134"]
[BlackElo "2312"]
[PlyCount "120"]
[EventDate "2007.03.22"]
[EventType "swiss"]
[EventRounds "9"]
[EventCountry "RUS"]
[SourceTitle "EXT 2010"]
[Source "ChessBase"]
[SourceDate "2010.11.25"]
[SourceVersion "1"]
[SourceVersionDate "2010.11.25"]
[SourceQuality "1"]

1. d4 Nf6 2. Nf3 g6 3. Bf4 Bg7 4. e3 0-0 5. h3 b6 6. Nbd2 c5 7. c3 Bb7 8. Be2 d6 9. 0-0 Nbd7 10. Bh2 Re8 11. a4 Ne4 12. Qb3 Ndf6 13. Rfd1 Nxd2 14. Rxd2 Ne4 15. Rdd1 Qc7 16. Bc4 e6 17. Be2 e5 18. a5 bxa5 19. Qa4 Bc6 20. Bb5 Bxb5 21. Qxb5 Rab8 22. Qa4 Qe7 23. dxe5 Nxf2 24. Kxf2 Rxb2+ 25. Kg1 dxe5 26. Rd2 Rxd2 27. Nxd2 Rd8 28. Nf1 e4 29. Qxa5 Rd3 30. Rc1 Bh6 31. Re1 Bg7 32. Rb1 Bxc3 33. Rb8+ Kg7 34. Qa4 f5 35. Qc6 Rd7 36. Qc8 Bf6 37. Bf4 Rd8 38. Qb7 Rxb8 39. Qxb8 c4 40. Bd6 Qf7 41. Be5 c3 42. Bxf6+ Kxf6 43. Qd8+ Qe7 44. Qd4+ Qe5 45. Qxa7 c2 46. Qa3 Qc7 47. Qc1 g5 48. Nd2 Qc3 49. Kf2 Ke5 50. g3 Kd5 51. Nf1 Kc4 52. Nd2+ Kd3 53. Nf1 h5 54. Kg2 Ke2 55. g4 f4 56. gxh5 Qd3 57. Nh2 Qd1 58. Qb2 f3+ 59. Nxf3 exf3+ 60. Kh2 Kf2 0-1